[Event "International chess holiday M11"]
[Site "?"]
[Date "2019.07.26"]
[Round "9"]
[White "Schaefer, Martin"]
[Black "Hogeman, Joel"]
[Result "1/2-1/2"]
[WhiteElo "2011"]
[BlackElo "2140"]
[Annotator "Doe,John"]
[PlyCount "101"]

1. d4 Nf6 2. c4 e6 3. g3 d5 4. Nf3 Be7 5. Bg2 O-O 6. O-O dxc4 7. Qc2 a6
8. a4 Bd7 9. Ne5 Nc6 10. Nxc6 Bxc6 11. Bxc6 bxc6 12. Qxc4 Qd5 13. Na3 Rfb8 14.
Qxd5 cxd5 15. Nc2 Ne4 16. f3 Nd6 17. Rb1 Rb3 18. Rd1 Rab8 19. Na1 R3b4 20. a5
R4b5 21. Rd3 Nc4 22. b3 c5 23. Bf4 R8b7 24. dxc5 Bxc5+ 25. Kg2 Bd6 26. Rc1 Bxf4
27. gxf4 Nd6 28. Rc6 Ne8 29. Rxa6 Nc7 30. Rc3 h6 31. Rac6 Rxa5 32. Rxc7 Rxc7
33. Rxc7 Rxa1 34. Kf2 Rb1 35. Rb7 d4 36. b4 Kh7 37. f5 exf5 38. Rxf7 Rxb4 39.
Rxf5 Rb1 40. h4 Kg6 41. Rd5 Rd1 42. h5+ Kf6 43. f4 Ke6 44. Ra5 d3 45. Re5+ Kf6
46. e4 Rh1 47. Rd5 Rh3 48. Rd6+ Ke7 49. Rd5 Kf6 50. Rd6+ Ke7 51. Rd5 1/2-1/2

[Event "International chess holiday M11"]
[Site "?"]
[Date "2019.07.26"]
[Round "9"]
[White "Kalisky, Vladimir"]
[Black "Hartwig, Maik"]
[Result "1/2-1/2"]
[WhiteElo "2202"]
[BlackElo "2100"]
[Annotator "Doe,John"]
[PlyCount "96"]

1. d4 g6 2. e4 Bg7 3. Nf3 d6 4. Bd3 Bg4 5. c3 c5 6. O-O cxd4 7. cxd4
Nd7 8. Be3 Ngf6 9. Nc3 O-O 10. h3 Bxf3 11. Qxf3 Qa5 12. Rfc1 Rfc8 13. Qd1 a6
14. a4 e5 15. Rab1 exd4 16. Bxd4 Qb4 17. Be3 Nc5 18. Bc2 Ncxe4 19. Bxe4 Nxe4
20. Nd5 Rxc1 21. Qxc1 Qb3 22. Nb6 Re8 23. Qc7 Nc3 24. Re1 Nd5 25. Qd7 Rf8 26.
a5 Nxe3 27. Rxe3 Qxb2 28. Qxd6 Bd4 29. Nd7 Rc8 30. Rf3 Qc1+ 31. Kh2 Qc7 32.
Nf6+ Bxf6 33. Rxf6 Qxa5 34. f4 Qd8 35. Qe5 Qc7 36. Qb2 Rd8 37. h4 Rd6 38. Qe5
Rc6 39. Rxc6 Qxc6 40. h5 Qb5 41. Qb8+ Kg7 42. h6+ Kxh6 43. Qf8+ Kh5 44. Qxf7 h6
45. Qe6 Qf5 46. Qe2+ Qg4 47. Qe5+ Qf5 48. Qe2+ Qg4 1/2-1/2

[Event "International chess holiday M11"]
[Site "?"]
[Date "2019.07.26"]
[Round "9"]
[White "Henztgen, Thomas"]
[Black "Lokander, Martin"]
[Result "0-1"]
[WhiteElo "2004"]
[BlackElo "2397"]
[Annotator "Doe,John"]
[PlyCount "108"]

1. c4 b6 2. d4 Bb7 3. Nf3 e6 4. g3 Bxf3 5. exf3 Bb4+ 6. Bd2 Bxd2+ 7.
Qxd2 Ne7 8. Bg2 d5 9. f4 Nbc6 10. cxd5 Nxd5 11. Nc3 Nce7 12. O-O O-O 13. Rfd1
Qd7 14. Rac1 c6 15. Nxd5 Nxd5 16. Qd3 Rfd8 17. Qe4 Rac8 18. Bh3 g6 19. a3 a5
20. Qe5 Qe7 21. Bg4 Rd6 22. Bf3 Rcd8 23. h4 h5 24. Kh2 Qd7 25. Qg5 Ne7 26. Qf6
Nd5 27. Qe5 Rc8 28. Kg1 Ne7 29. Be4 c5 30. Rc4 Rd8 31. b4 axb4 32. axb4 cxd4
33. b5 d3 34. Rd2 Nf5 35. Kg2 Qe7 36. Qc3 Qd7 37. Qe5 Ne7 38. Rc3 Nd5 39. Rcxd3
Qxb5 40. Rb2 Qc5 41. Bxd5 Rxd5 42. Rxd5 exd5 43. f5 d4 44. Qf6 Rd6 45. Qe7 d3
46. fxg6 Qd5+ 47. Kg1 Rxg6 48. Qe3 Re6 49. Qg5+ Qxg5 50. hxg5 Rd6 51. Rd2 Kg7
52. f4 Kg6 53. Kf2 Kf5 54. Ke3 b5 0-1

[Event "International chess holiday M11"]
[Site "?"]
[Date "2019.07.26"]
[Round "9"]
[White "Morling, Joakim"]
[Black "Vetrovsky, Michal"]
[Result "1-0"]
[WhiteElo "2081"]
[BlackElo "2095"]
[Annotator "Doe,John"]
[PlyCount "97"]

1. d4 d5 2. c4 e6 3. Nc3 Be7 4. cxd5 exd5 5. Bf4 c6 6. e3 Bf5 7. g4 Bg6
8. h4 h6 9. h5 Bh7 10. Bd3 Bxd3 11. Qxd3 Nf6 12. f3 Bd6 13. Nge2 Bxf4 14. Nxf4
Qd6 15. Kf2 Nbd7 16. b4 O-O-O 17. Rab1 Kb8 18. Na4 Ka8 19. Rb3 Ne8 20. Rc1 Nc7
21. Nc3 Ne6 22. Nce2 Rc8 23. Qf5 Nxf4 24. Qxf4 Qe7 25. Ng3 g6 26. Rh1 Nf6 27.
Kg2 gxh5 28. Nxh5 Nxh5 29. Rxh5 Rcg8 30. Rb1 Rg5 31. Qxg5 Qxg5 32. Rxg5 hxg5
33. b5 Kb8 34. bxc6 b6 35. Rh1 Rxh1 36. Kxh1 Kc7 37. e4 Kxc6 38. Kg2 Kd6 39. a4
a6 40. Kf2 f6 41. Ke3 Ke6 42. Kd3 Kd6 43. Kc3 Ke6 44. Kb3 Kd6 45. Kb4 Kc6 46.
Kc3 Kd6 47. Kd3 Ke6 48. Ke3 Kd6 49. Kd3 1-0

[Event "International chess holiday K11"]
[Site "?"]
[Date "2019.07.26"]
[Round "9"]
[White "Pribyl, Jaroslav"]
[Black "Hadzala, Daniel"]
[Result "1-0"]
[WhiteElo "1926"]
[BlackElo "2049"]
[Annotator "Doe,John"]
[PlyCount "85"]

1. d4 Nf6 2. Nc3 d6 3. e4 c6 4. f4 Qa5 5. Bd3 e5 6. Nf3 Bg4 7. dxe5
dxe5 8. O-O Nbd7 9. h3 Bxf3 10. Qxf3 Bd6 11. g3 h5 12. f5 Nc5 13. Rd1 Nxd3 14.
Rxd3 Ke7 15. Kg2 Rad8 16. Bd2 Qb6 17. b3 Nd7 18. Na4 Qc7 19. Rd1 b5 20. Rxd6
bxa4 21. Bb4 c5 22. Bc3 c4 23. Bb4 Ke8 24. Qc3 Rh6 25. Rxh6 gxh6 26. Bd6 Qc6
27. Rd5 f6 28. Qf3 Nb6 29. Qxh5+ Kd7 30. Qf7+ Kc8 31. Rc5 Rxd6 32. Rxc6+ Rxc6
33. Qxa7 axb3 34. axb3 Nd7 35. bxc4 Kd8 36. Qa8+ Rc8 37. Qd5 Rc5 38. Qg8+ Kc7
39. Kf3 Rc6 40. Kg4 Nb6 41. Qf7+ Kb8 42. c5 Na4 43. Qb3+ 1-0

[Event "International chess holiday K11"]
[Site "?"]
[Date "2019.07.26"]
[Round "9"]
[White "Spindler, Markus"]
[Black "Thomasson, Staffan"]
[Result "1/2-1/2"]
[WhiteElo "1972"]
[BlackElo "1876"]
[Annotator "Doe,John"]
[PlyCount "56"]

1. e4 g6 2. d4 c6 3. Nc3 d5 4. e5 h5 5. Nf3 Bg4 6. h3 Bxf3 7. Qxf3 e6
8. Bd3 Nd7 9. Ne2 Nh6 10. Bd2 c5 11. c3 Rc8 12. O-O Nf5 13. g3 Qb6 14. Rab1 Bg7
15. Bxf5 gxf5 16. Be3 Qd8 17. Nf4 h4 18. g4 Rg8 19. Kh1 fxg4 20. Qxg4 cxd4 21.
cxd4 Nf8 22. Rg1 Qe7 23. a3 Ng6 24. Nxg6 fxg6 25. Qxg6+ Kd7 26. Bg5 Qf8 27. Bf6
Bxf6 28. Qxf6 Rc4 1/2-1/2

[Event "International chess holiday K11"]
[Site "?"]
[Date "2019.07.26"]
[Round "9"]
[White "Nentvich, Libor"]
[Black "Husa, Daniel"]
[Result "0-1"]
[WhiteElo "1839"]
[BlackElo "1784"]
[Annotator "Doe,John"]
[PlyCount "46"]

1. e4 c5 2. Nf3 e6 3. d4 cxd4 4. Nxd4 Nf6 5. Nc3 Nc6 6. Be3 Bb4 7. Bd3
d5 8. Nxc6 bxc6 9. exd5 cxd5 10. Bd4 O-O 11. O-O Re8 12. Re1 Bd7 13. f4 Bd6 14.
Be5 Bc5+ 15. Kh1 Bc6 16. Qf3 Nd7 17. Bb5 Bxb5 18. Nxb5 Nxe5 19. Rxe5 Qb6 20.
Qb3 Rab8 21. Na3 Bxa3 22. bxa3 Qd4 23. c3 Qxf4 0-1

[Event "International chess holiday K11"]
[Site "?"]
[Date "2019.07.26"]
[Round "9"]
[White "Pokorny, Jan"]
[Black "Hejsek, Lukas"]
[Result "0-1"]
[WhiteElo "1882"]
[BlackElo "1885"]
[Annotator "Doe,John"]
[PlyCount "51"]

1. e4 c5 2. b3 g6 3. Bb2 Nf6 4. e5 Nd5 5. c4 Nc7 6. Qf3 Bg7 7. Qe3 d6
8. f4 O-O 9. Nf3 Nc6 10. a3 b6 11. Ra2 Bb7 12. Be2 Ne6 13. O-O Bh6 14. Ng5 Ned4
15. e6 Bxg5 16. fxg5 fxe6 17. Nc3 Nxe2+ 18. Nxe2 Rxf1+ 19. Kxf1 e5 20. Ra1 Qd7
21. h3 Nd4 22. Nxd4 exd4 23. Qg3 Rf8+ 24. Kg1 e5 25. d3 Qf5 26. b4 0-1

[Event "International chess holiday K11"]
[Site "?"]
[Date "2019.07.26"]
[Round "9"]
[White "Ekberg, Karl"]
[Black "Sniegon, Adam"]
[Result "0-1"]
[WhiteElo "1868"]
[BlackElo "1809"]
[Annotator "Doe,John"]
[PlyCount "118"]

1. d4 d5 2. c4 e6 3. Nc3 c6 4. Nf3 dxc4 5. a4 Bb4 6. e3 b5 7. Bd2 a5 8.
Rb1 Ba6 9. Ne5 Qc7 10. Qf3 Ra7 11. Be2 Nf6 12. O-O O-O 13. Rfd1 Bd6 14. Nxc6
Rb7 15. Nxb8 Rfxb8 16. axb5 Bxb5 17. e4 e5 18. d5 Bd7 19. Bc1 a4 20. Ra1 Rb3
21. Rd2 Bg4 22. Qg3 Nxe4 23. Qxg4 Nxd2 24. Bxd2 Rxb2 25. Bh6 f5 26. Qxf5 gxh6
27. Ne4 Qe7 28. Nxd6 Qxd6 29. Bxc4 Rf8 30. Qe6+ Qxe6 31. dxe6 Rfb8 32. e7+ Kg7
33. g3 Rb1+ 34. Rxb1 Rxb1+ 35. Kg2 Rb8 36. Bb5 Kf7 37. Bxa4 Kxe7 38. Bc2 Kf6
39. h4 Rb7 40. Be4 Ra7 41. g4 Ra4 42. f3 Ra7 43. Kf2 Ke6 44. Kg2 Kd6 45. Kg3
Kc5 46. Bf5 Kd4 47. Be4 Ke3 48. Bc6 Rg7 49. Be4 Ra7 50. Bc6 Rf7 51. h5 Rf4 52.
Bd5 Rd4 53. Bc6 Rd1 54. Bb7 Rg1+ 55. Kh2 Kf2 56. Be4 Rg3 57. Bxh7 Kxf3 58. Be4+
Kf4 59. g5 Rxg5 0-1

[Event "International chess holiday M21"]
[Site "?"]
[Date "2019.07.28"]
[Round "1"]
[White "Kasparov, Sergey"]
[Black "Hapke, Ralf"]
[Result "1-0"]
[WhiteElo "2453"]
[BlackElo "1931"]
[Annotator "Doe,John"]
[PlyCount "39"]

1. e4 e5 2. Nf3 Nc6 3. Bb5 f5 4. d3 fxe4 5. dxe4 Nf6 6. O-O Bc5 7. Qd3
d6 8. Qc4 Bd7 9. Nc3 a6 10. Bxc6 bxc6 11. Nxe5 Bxf2+ 12. Rxf2 dxe5 13. Bg5 Qe7
14. Rd1 Rf8 15. Rfd2 Qe6 16. Qd3 Rf7 17. Na4 Qg4 18. Bxf6 gxf6 19. Nc5 Be6 20.
h3 1-0

[Event "International chess holiday M21"]
[Site "?"]
[Date "2019.07.28"]
[Round "1"]
[White "Vesely, Jaromir"]
[Black "Koller, Martin"]
[Result "0-1"]
[WhiteElo "1958"]
[BlackElo "1970"]
[Annotator "Doe,John"]
[PlyCount "42"]

1. d4 Nf6 2. c4 Nc6 3. Nf3 e6 4. a3 d6 5. Nc3 g6 6. e4 Bg7 7. Be2 O-O
8. O-O e5 9. dxe5 dxe5 10. Bg5 Qxd1 11. Raxd1 Bg4 12. Bxf6 Bxf6 13. Nd5 Bd8 14.
b4 Bxf3 15. Bxf3 Nd4 16. Rd3 c6 17. Nc3 Be7 18. Rfd1 Rfd8 19. Be2 a5 20. c5
axb4 21. axb4 Nxe2+ 0-1

[Event "International chess holiday M21"]
[Site "?"]
[Date "2019.07.28"]
[Round "1"]
[White "Kasparova, Tatiana"]
[Black "Ramanna, Jayaram"]
[Result "1-0"]
[WhiteElo "2003"]
[BlackElo "2067"]
[Annotator "Doe,John"]
[PlyCount "77"]

1. e4 e5 2. Nf3 Nc6 3. Bb5 a6 4. Bxc6 dxc6 5. O-O Bg4 6. h3 h5 7. d3
Qf6 8. Nbd2 Ne7 9. Nc4 Bxf3 10. Qxf3 Qxf3 11. gxf3 Ng6 12. Be3 O-O-O 13. Rfd1
c5 14. a4 Be7 15. Kf1 Bd6 16. Ke2 Nf8 17. f4 exf4 18. Nxd6+ cxd6 19. Bxf4 Ne6
20. Be3 d5 21. f4 g6 22. c4 d4 23. Bd2 Kd7 24. Kf3 Rc8 25. Rg1 Rc6 26. Rab1 a5
27. f5 Ng7 28. Rg5 Rf6 29. Bf4 Re8 30. Rbg1 b6 31. fxg6 Rf8 32. gxf7 Ne6 33.
Rd5+ Ke7 34. Rf5 R8xf7 35. Bg5 Nxg5+ 36. Rgxg5 Ke6 37. Rxh5 Rxf5+ 38. exf5+ Kf6
39. Kf4 1-0

[Event "International chess holiday K21"]
[Site "?"]
[Date "2019.07.28"]
[Round "1"]
[White "Pelikan, Jaromir"]
[Black "Hadzala, Daniel"]
[Result "0-1"]
[WhiteElo "1760"]
[BlackElo "2049"]
[Annotator "Doe,John"]
[PlyCount "84"]

1. Nf3 Nf6 2. g3 d6 3. d4 Nbd7 4. b3 c6 5. Bb2 Qc7 6. Bg2 e5 7. dxe5
Nxe5 8. Nbd2 Nxf3+ 9. Nxf3 Be7 10. c4 O-O 11. O-O Re8 12. Nd4 a5 13. a3 Bf8 14.
Re1 Qb6 15. h3 Ne4 16. Bxe4 Rxe4 17. Qd3 Re5 18. g4 Re8 19. Nf3 Re6 20. e4 Bd7
21. Ng5 Rg6 22. Nf3 Rd8 23. Qe3 Qxe3 24. Rxe3 Be7 25. Rd1 h5 26. Nh2 hxg4 27.
hxg4 Bxg4 28. Nxg4 Rxg4+ 29. Kf1 f6 30. Ke2 Kf7 31. Rh1 Rg6 32. Bc3 Ra8 33.
Reh3 a4 34. b4 Bf8 35. Bd2 Re8 36. Rh5 Rxe4+ 37. Kd3 Re5 38. Bf4 Rxh5 39. Rxh5
Rg4 40. Be3 g5 41. Rh1 Rh4 42. Rb1 f5 0-1

[Event "International chess holiday K21"]
[Site "?"]
[Date "2019.07.28"]
[Round "1"]
[White "Feierfeil, Jiri"]
[Black "Ocelak, Jakub"]
[Result "0-1"]
[WhiteElo "1662"]
[BlackElo "1701"]
[Annotator "Doe,John"]
[PlyCount "56"]

1. d4 Nf6 2. Bf4 d5 3. e3 c5 4. c3 Qb6 5. b3 Nc6 6. Bd3 g6 7. Nd2 Bg7
8. Ngf3 Nh5 9. Bg5 e5 10. e4 exd4 11. exd5 dxc3 12. Nc4 Qb4 13. Qe2+ Kf8 14.
dxc6 c2+ 15. Bd2 Bxa1 16. Bxc2 Bc3 17. O-O Bxd2 18. Nfxd2 bxc6 19. Qe5 Kg8 20.
Be4 Be6 21. Bxc6 Rd8 22. a3 Qb8 23. Qc3 Nf4 24. Bf3 Rd3 25. Qf6 Bd5 26. Bxd5
Rxd5 27. Qb2 Ne2+ 28. Kh1 Qxh2+ 0-1

[Event "International chess holiday M21"]
[Site "?"]
[Date "2019.07.28"]
[Round "1"]
[White "Muzikar, Martin"]
[Black "Chudinovkikh, Alexander"]
[Result "1/2-1/2"]
[WhiteElo "1907"]
[BlackElo "2152"]
[Annotator "Doe,John"]
[PlyCount "74"]

1. e4 g6 2. d4 Bg7 3. Be3 c6 4. Qd2 d5 5. e5 h5 6. Bd3 Nh6 7. Nf3 Bf5
8. Nc3 Bxd3 9. Qxd3 Nf5 10. O-O-O Nd7 11. h3 h4 12. Bf4 Nf8 13. Ng5 Bh6 14. Qd2
Bxg5 15. Bxg5 Ne6 16. Ne2 Qd7 17. g4 hxg3 18. fxg3 O-O-O 19. g4 Nfg7 20. Be3
Rh7 21. Rdf1 Rf8 22. Rf3 Nd8 23. Rhf1 Rfh8 24. Nf4 Kb8 25. Qb4 Nge6 26. Nxe6
Qxe6 27. Bg5 Re8 28. Ra3 b6 29. Qa4 Qd7 30. Bf4 Ne6 31. Bd2 Rd8 32. Rff3 c5 33.
Qxd7 Rxd7 34. dxc5 bxc5 35. Rfb3+ Rb7 36. Rxb7+ Kxb7 37. Rf3 Kc7 necitelné 1/2-1/2

[Event "International chess holiday K21"]
[Site "?"]
[Date "2019.07.28"]
[Round "1"]
[White "Nelson, Wayne"]
[Black "Feldvabl, Vilem"]
[Result "1/2-1/2"]
[WhiteElo "1959"]
[BlackElo "1676"]
[Annotator "Doe,John"]
[PlyCount "126"]

1. d4 d5 2. Nf3 Bf5 3. Bf4 e6 4. e3 Nf6 5. c4 c6 6. Nc3 Bd6 7. Bg5 h6
8. Bh4 Be7 9. Qb3 Qb6 10. Qxb6 axb6 11. cxd5 Nxd5 12. Nxd5 exd5 13. Bxe7 Kxe7
14. Kd2 Nd7 15. Bd3 Bxd3 16. Kxd3 Ra5 17. Nd2 Rha8 18. a3 b5 19. Rhe1 Nf6 20.
f3 Re8 21. Rac1 Raa8 22. Nb3 Rab8 23. h3 g5 24. g4 Nd7 25. e4 dxe4+ 26. fxe4 f6
27. Nc5 Nxc5+ 28. Rxc5 Rbd8 29. Rf1 Rf8 30. Rcf5 Rde8 31. Kc3 Rd8 32. R1f2 Rde8
33. Re2 Kd7 34. Ref2 Ke7 35. Kd3 Rd8 36. R2f3 Rde8 37. Ke3 Rd8 38. Kd3 Rde8 39.
e5 fxe5 40. Rxe5+ Kd6 41. Rff5 Rxf5 42. Rxf5 Re6 43. Rf7 Re7 44. Rf1 Re6 45.
Rf7 Re7 46. Rf8 Re6 47. b4 Re7 48. Rd8+ Kc7 49. Rh8 Re6 50. Rh7+ Kb6 51. Rf7
Rd6 52. Rf5 Re6 53. Rf7 Rd6 54. Rf1 Re6 55. Rf2 Rd6 56. Rf5 Re6 57. Rf1 Rd6 58.
Rf5 Re6 59. Re5 Rf6 60. Ke2 Rd6 61. Ke3 Rf6 62. Kd3 Rf3+ 63. Re3 Rf6 1/2-1/2

[Event "International chess holiday K21"]
[Site "?"]
[Date "2019.07.28"]
[Round "1"]
[White "Vit, Zdenek"]
[Black "Ruell, Michael"]
[Result "1-0"]
[WhiteElo "1732"]
[BlackElo "1711"]
[Annotator "Doe,John"]
[PlyCount "109"]

1. e4 c5 2. Nf3 Nc6 3. d4 cxd4 4. Nxd4 e5 5. Nb5 d6 6. N1c3 a6 7. Na3
b5 8. Nd5 Nge7 9. Be3 Rb8 10. c3 Be6 11. Nxe7 Bxe7 12. Bd3 d5 13. Nc2 O-O 14.
O-O Na5 15. Qh5 dxe4 16. Bxe4 f5 17. Rfd1 Qc7 18. Bd5 Bxd5 19. Rxd5 b4 20. Nxb4
Bxb4 21. cxb4 Rxb4 22. Bc5 Rb5 23. Bd6 Qf7 24. Qxf7+ Rxf7 25. Rxb5 axb5 26.
Bxe5 Nc6 27. Bf4 Nd4 28. Re1 Ra7 29. a3 b4 30. Bd6 bxa3 31. bxa3 Nc2 32. Bc5
Rc7 33. Re5 Kf7 34. Rxf5+ Ke6 35. g4 g6 36. Rg5 Kf6 37. Rd5 Ke6 38. Rg5 Kf6 39.
Rd5 Ke6 40. Bb6 Rb7 41. Rd2 Nxa3 42. Bd4 Rb4 43. h3 Nb5 44. Re2+ Kd5 45. Bf6
Nd6 46. Kg2 h5 47. gxh5 gxh5 48. Re5+ Kc6 49. Rxh5 Ne4 50. Bh4 Kd6 51. Bg3+ Ke6
52. Ra5 Kf6 53. h4 Kg7 54. Ra6 Rb5 55. Re6 1-0

[Event "International chess holiday K21"]
[Site "?"]
[Date "2019.07.28"]
[Round "1"]
[White "Hapke, Yvonne"]
[Black "Oelmann, Henry"]
[Result "0-1"]
[WhiteElo "1792"]
[BlackElo "1951"]
[Annotator "Doe,John"]
[PlyCount "134"]

1. e4 d6 2. d4 Nf6 3. Nc3 g6 4. f3 Bg7 5. Be3 c6 6. Qd2 b5 7. O-O-O Qa5
8. Kb1 b4 9. Nce2 Nbd7 10. g4 Ba6 11. Nc1 Bxf1 12. Rxf1 Rb8 13. h4 Nb6 14. Qd3
Na4 15. Nb3 Qb6 16. Ne2 h5 17. e5 Nd5 18. e6 fxe6 19. Qxg6+ Kd7 20. Bg5 Bf6 21.
Qe4 Rbf8 22. gxh5 Qb5 23. Kc1 Rxh5 24. f4 Bxg5 25. hxg5 Rfh8 26. Rxh5 Rxh5 27.
Qf3 Rh2 28. Rf2 Rh8 29. f5 Nc7 30. Ng3 exf5 31. g6 e6 32. Nh5 Ne8 33. g7 Rg8
34. Rg2 Qd5 35. Qg3 Qe4 36. Rg1 Qe2 37. Qg6 Ke7 38. Qg5+ Kd7 39. Kb1 Nb6 40.
Qg6 Nd5 41. Qf7+ Ne7 42. Nf6+ Nxf6 43. Qxf6 e5 44. dxe5 Qxe5 45. Qh4 Rxg7 46.
Rxg7 Qxg7 47. Qxb4 Qg1+ 48. Nc1 Ke6 49. Qc4+ d5 50. Qe2+ Kd6 51. b3 f4 52. Kb2
Qe3 53. Qh2 Qe5+ 54. c3 f3 55. Qh6+ Kc7 56. Qf8 Nf5 57. Qf7+ Kb6 58. Qf8 f2 59.
Qb4+ Kc7 60. Qa5+ Kc8 61. Qxa7 f1=Q 62. Qa8+ Kd7 63. Qa7+ Qc7 64. Qc5 Qg2+ 65.
Kb1 Qe4+ 66. Kb2 Ne3 67. Ka3 Qb7 0-1

[Event "International chess holiday M21"]
[Site "?"]
[Date "2019.07.28"]
[Round "2"]
[White "Kasparov, Sergey"]
[Black "Muzikár, Martin"]
[Result "1-0"]
[WhiteElo "2453"]
[BlackElo "1890"]
[Annotator "Doe,John"]
[PlyCount "81"]

1. e4 c5 2. Nf3 d6 3. d4 cxd4 4. Nxd4 Nf6 5. f3 g6 6. c4 Bg7 7. Be3 Nc6
8. Qd2 O-O 9. Be2 Bd7 10. O-O a6 11. Nc3 Rc8 12. Rac1 Re8 13. Rfd1 Qa5 14. Nb3
Qc7 15. Nd5 Qb8 16. c5 Nxd5 17. exd5 Ne5 18. h3 Bb5 19. f4 Bxe2 20. Qxe2 Nd7
21. c6 Nf6 22. Na5 bxc6 23. Nxc6 Qb7 24. Qc4 Kf8 25. Bd4 Rc7 26. Rd3 Qb5 27. b3
Rec8 28. Re1 Qxc4 29. bxc4 Nh5 30. Be3 e6 31. Bc1 exd5 32. cxd5 Nf6 33. Ba3 Rd7
34. Rb1 Re8 35. Ne5 Rdd8 36. Rb7 Re7 37. Rxe7 Kxe7 38. Nc6+ Kd7 39. Nxd8 Kxd8
40. Bxd6 Kd7 41. Be5 1-0

[Event "International chess holiday M21"]
[Site "?"]
[Date "2019.07.28"]
[Round "2"]
[White "Vavrinec, Tomas"]
[Black "Vesely, Jaromir"]
[Result "1-0"]
[WhiteElo "1994"]
[BlackElo "1958"]
[Annotator "Doe,John"]
[PlyCount "91"]

1. c4 e6 2. Nf3 d5 3. g3 c6 4. b3 f5 5. Bb2 Nf6 6. Bg2 Bd6 7. O-O O-O
8. d3 Nbd7 9. Nbd2 e5 10. cxd5 cxd5 11. e4 fxe4 12. dxe4 dxe4 13. Ng5 Nc5 14.
Ndxe4 Ncxe4 15. Nxe4 Nxe4 16. Bxe4 Bh3 17. Bxh7+ Kxh7 18. Qh5+ Kg8 19. Qxh3 Qf6
20. Rac1 Rf7 21. Rc8+ Rxc8 22. Qxc8+ Kh7 23. Qc2+ g6 24. Qe4 Qf5 25. Qd5 Bc7
26. Kg2 Rd7 27. Qc4 Bb6 28. Qe2 e4 29. Bc1 Rf7 30. Be3 Qf3+ 31. Qxf3 exf3+ 32.
Kh3 Rd7 33. Bxb6 axb6 34. Kg4 Rd2 35. Kxf3 Rxa2 36. Rd1 Rb2 37. Rd3 b5 38. h4
b4 39. Ke4 Rxf2 40. Rd7+ Kh6 41. Rxb7 Kh5 42. Rb5+ Kg4 43. Rg5+ Kh3 44. Rxg6
Rb2 45. h5 Rxb3 46. h6 1-0

[Event "International chess holiday M21"]
[Site "?"]
[Date "2019.07.28"]
[Round "2"]
[White "Hapke, Ralf"]
[Black "Ramanna, Jayaram"]
[Result "1/2-1/2"]
[WhiteElo "1831"]
[BlackElo "2067"]
[Annotator "Doe,John"]
[PlyCount "68"]

1. e4 e5 2. d4 exd4 3. Nf3 Nc6 4. Nxd4 Nf6 5. Nxc6 bxc6 6. e5 Qe7 7.
Qe2 Nd5 8. c4 Nb6 9. g3 Bb7 10. b3 a5 11. Bg2 a4 12. Ba3 Qe6 13. Bxf8 Rxf8 14.
Na3 Qe7 15. Nc2 h5 16. O-O Qc5 17. Qe3 Qxe3 18. Nxe3 g6 19. Rfd1 Ra5 20. f4
axb3 21. axb3 Rxa1 22. Rxa1 Ke7 23. h4 Rb8 24. c5 Nd5 25. Bxd5 cxd5 26. Nc2 Bc6
27. Nd4 Rb4 28. Rd1 Bb5 29. Kf2 Bc6 30. Ke3 Rb8 31. Ra1 Rb7 32. Kd3 Bb5+ 33.
Kc3 c6 34. Ra8 Bf1 1/2-1/2

[Event "International chess holiday M21"]
[Site "?"]
[Date "2019.07.28"]
[Round "2"]
[White "Chudinovskikh, Alexander"]
[Black "Rejlic, Michael"]
[Result "1/2-1/2"]
[WhiteElo "2152"]
[BlackElo "1890"]
[Annotator "Doe,John"]
[PlyCount "64"]

1. e4 e5 2. Bc4 Nc6 3. Nf3 Nf6 4. d3 d6 5. Ng5 d5 6. exd5 Na5 7. Bb5+
c6 8. dxc6 bxc6 9. Ba4 Be7 10. O-O O-O 11. Qe1 Qc7 12. b4 Nb7 13. Bb2 Bd6 14.
Nd2 Bxb4 15. Rd1 Bg4 16. f3 Qb6+ 17. Kh1 Bxd2 18. Rxd2 Qxb2 19. fxg4 Rac8 20.
Bb3 Nd6 21. h3 h6 22. Nf3 e4 23. Nh4 Rfe8 24. Qg3 Rcd8 25. Re2 Nd5 26. Nf5 Nxf5
27. gxf5 Qc3 28. Rfe1 Re5 29. Qh4 Nf6 30. Rxe4 Rxf5 31. Re7 Rf8 32. Qc4 Qd2
1/2-1/2

[Event "International chess holiday K21"]
[Site "?"]
[Date "2019.07.28"]
[Round "2"]
[White "Ocelak, Jakub"]
[Black "Pelikan, Jaromir"]
[Result "1-0"]
[WhiteElo "1701"]
[BlackElo "1760"]
[Annotator "Doe,John"]
[PlyCount "61"]

1. d4 Nf6 2. c4 g6 3. Nc3 d5 4. cxd5 Nxd5 5. e4 Nxc3 6. bxc3 Bg7 7. Nf3
c5 8. Rb1 Nc6 9. d5 Ne5 10. Bb5+ Bd7 11. Bxd7+ Qxd7 12. Nxe5 Bxe5 13. c4 O-O
14. O-O f5 15. Be3 f4 16. Bxc5 f3 17. Rb3 Qc7 18. Bd4 fxg2 19. Kxg2 Bxh2 20.
Rh1 Be5 21. c5 Rf7 22. Rxb7 Qxb7 23. Bxe5 Raf8 24. Bd4 Qb4 25. c6 Rxf2+ 26.
Bxf2 Qxe4+ 27. Kg1 Qf4 28. Rh2 Rf5 29. Rg2 Qd6 30. Qb3 Rxd5 31. c7 1-0

[Event "International chess holiday K21"]
[Site "?"]
[Date "2019.07.28"]
[Round "2"]
[White "Oelmann, Henry"]
[Black "Vit, Zdenek"]
[Result "1-0"]
[WhiteElo "1951"]
[BlackElo "1732"]
[Annotator "Doe,John"]
[PlyCount "63"]

1. d4 Nf6 2. c4 g6 3. Nc3 d5 4. cxd5 Nxd5 5. e4 Nxc3 6. bxc3 Bg7 7. Nf3
c5 8. Rb1 O-O 9. Be2 Nc6 10. d5 Ne5 11. Qc2 Qc7 12. O-O Bg4 13. Ne1 Bxe2 14.
Qxe2 Nd7 15. c4 b6 16. f4 f6 17. Nd3 Rae8 18. f5 g5 19. Bb2 a6 20. a4 Rb8 21.
Bc3 Rb7 22. Qh5 Rfb8 23. Nf2 b5 24. axb5 axb5 25. cxb5 Rxb5 26. Rxb5 Rxb5 27.
Qe8+ Bf8 28. Ng4 Rb8 29. Nh6+ Kg7 30. Qf7+ Kxh6 31. Rf3 g4 32. Bd2+ 1-0

[Event "International chess holiday K21"]
[Site "?"]
[Date "2019.07.28"]
[Round "2"]
[White "Feldvabl, Vilem"]
[Black "Hadzala, Daniel"]
[Result "0-1"]
[WhiteElo "1676"]
[BlackElo "2049"]
[Annotator "Doe,John"]
[PlyCount "82"]

1. d4 Nf6 2. Nf3 d6 3. Bf4 g6 4. e3 Bg7 5. h3 O-O 6. Be2 Nbd7 7. O-O a6
8. c3 Qe8 9. Re1 e5 10. dxe5 dxe5 11. Bg3 Qe7 12. Qc2 e4 13. Nfd2 Nb6 14. Na3
Bf5 15. Rad1 Rfe8 16. Ndc4 Nbd5 17. Bh4 c6 18. Nb1 h5 19. Ncd2 Qe6 20. Nf1 Nd7
21. b4 Ne5 22. Ng3 Bh6 23. Nxf5 Qxf5 24. Bf1 g5 25. Bg3 h4 26. Bxe5 Qxe5 27. a3
Bf8 28. c4 Bd6 29. g3 Nf6 30. c5 Bc7 31. Qc3 hxg3 32. Qxe5 Bxe5 33. fxg3 Bxg3
34. Re2 Rad8 35. Red2 Rxd2 36. Rxd2 Nd5 37. Re2 f5 38. Nd2 Kg7 39. Nc4 Kf6 40.
Kg2 Bc7 41. Rd2 f4 0-1

[Event "International chess holiday K21"]
[Site "?"]
[Date "2019.07.28"]
[Round "2"]
[White "Ruell, Michael"]
[Black "Feierfeil, Jiri"]
[Result "1/2-1/2"]
[WhiteElo "1711"]
[BlackElo "1662"]
[Annotator "Doe,John"]
[PlyCount "115"]

1. d4 Nf6 2. Bf4 d6 3. e3 Nbd7 4. Nf3 b6 5. Nbd2 Bb7 6. c3 g6 7. h3 Bg7
8. Be2 c5 9. Nc4 O-O 10. O-O b5 11. Ncd2 c4 12. a4 a6 13. axb5 axb5 14. b3 d5
15. Ne5 Nxe5 16. Bxe5 Nd7 17. Bxg7 Kxg7 18. Rxa8 Qxa8 19. Qa1 Bc6 20. Qb2 Qb7
21. Ra1 Ra8 22. Ra2 f6 23. Qa1 e5 24. Bf3 e4 25. Bg4 f5 26. Bd1 Nb6 27. Rxa8
Qxa8 28. Qxa8 Nxa8 29. b4 Nc7 30. h4 h6 31. g3 Bd7 32. f4 Kf6 33. Kh2 g5 34.
hxg5+ hxg5 35. Nb1 Kg6 36. Na3 Kh6 37. Be2 Be8 38. Bd1 Bh5 39. Bxh5 Kxh5 40.
Kh3 g4+ 41. Kg2 Kg6 42. Kf2 Kf6 43. Ke2 Ke7 44. Nb1 Kd6 45. Nd2 Na8 46. Kd1 Nb6
47. Kc2 Na4 48. Nf1 Ke6 49. Nd2 Kd7 50. Nf1 Nb6 51. Kd2 Nc8 52. Kc2 Ne7 53. Kb2
Ng8 54. Kc2 Nf6 55. Kb2 Ke7 56. Kc2 Kf7 57. Kb2 Kg6 58. Kc2 1/2-1/2

[Event "International chess holiday K21"]
[Site "?"]
[Date "2019.07.28"]
[Round "2"]
[White "Nelson, Wayne"]
[Black "Hapke, Yvonne"]
[Result "1/2-1/2"]
[WhiteElo "1959"]
[BlackElo "1792"]
[Annotator "Doe,John"]
[PlyCount "43"]

1. d4 Nf6 2. Bg5 h6 3. Bxf6 exf6 4. e3 d5 5. Nd2 Bd6 6. Ne2 Nc6 7. g3
Ne7 8. Bg2 c6 9. c4 Bc7 10. Nc3 Bf5 11. cxd5 cxd5 12. Rc1 O-O 13. O-O Be6 14.
Nb5 Bb6 15. Nb3 a6 16. Nc3 Ba7 17. Qe2 Qd6 18. a3 b5 19. Na2 Rac8 20. Nb4 Rc4
21. Nd3 Rfc8 22. Nbc5 1/2-1/2